Т. 20, № 4; Доклады Томского государственного университета систем управления и радиоэлектроники

Bibliografiske detaljer
Parent link:Доклады Томского государственного университета систем управления и радиоэлектроники/ Томский государственный университет систем управления и радиоэлектроники. Т. 20, № 4.— , 1997-
Sprog:russisk
engelsk
Udgivet: 2017
Fag:
Format: MixedMaterials Bog
KOHA link:https://koha.lib.tpu.ru/cgi-bin/koha/opac-detail.pl?biblionumber=341264

MARC

LEADER 00000nam2a2200000 4500
001 341264
005 20231102005327.0
035 |a (RuTPU)RU\TPU\book\368804 
035 |a RU\TPU\book\365055 
090 |a 341264 
100 |a 20180711d2017 k y0rusy50 ca 
101 0 |a rus  |a eng 
102 |a RU 
105 |a a z 001zy 
200 0 |a Т. 20, № 4 
210 |d 2017 
215 |a 160 с.  |c ил. 
320 |a Библиография в конце статей 
461 1 |0 (RuTPU)RU\TPU\book\38503  |t Доклады Томского государственного университета систем управления и радиоэлектроники  |f Томский государственный университет систем управления и радиоэлектроники  |v Т. 20, № 4  |d 1997-  
606 1 |a Радиотехника  |2 stltpush  |3 (RuTPU)RU\TPU\subj\71345  |9 85301 
610 1 |a электроника 
610 1 |a измерительная техника 
610 1 |a связь 
610 1 |a управление 
610 1 |a вычислительная техника 
610 1 |a информатика 
610 1 |a электротехника 
610 1 |a активные антенные решетки 
610 1 |a шум 
610 1 |a фазовые радиопеленгаторы 
610 1 |a интерференционные микроволновые микроскопы 
610 1 |a применение 
610 1 |a информационная безопасность 
610 1 |a риски 
610 1 |a управление 
610 1 |a сложные технологические процессы 
610 1 |a единое информационное пространство 
610 1 |a архитектура 
610 1 |a светодиодные светильники 
610 1 |a надежность 
610 1 |a источники питания 
610 1 |a постоянный ток 
610 1 |a формирование 
675 |a 621.37  |v 4 
801 1 |a RU  |b 63413507  |c 20170518 
801 2 |a RU  |b 63413507  |c 20231009  |g RCR 
942 |c BK